Hermes y sus hijos
Zapisane w:
| 1. autor: | |
|---|---|
| Format: | Książka |
| Język: | hiszpański |
| Wydane: |
Barcelona
Anthropos
1991
|
| Seria: | Autores, textos y temas. Hermeneusis, 10
|
| Hasła przedmiotowe: | |
| Etykiety: |
Dodaj etykietę
Nie ma etykietki, Dołącz pierwszą etykiete!
|
MARC
| LEADER | 00000nam a2200000 a 4500 | ||
|---|---|---|---|
| 001 | UCY3605 | ||
| 003 | CL-VaPUC | ||
| 008 | 950110e19910000SP |||||||||||||||||spa|d | ||
| 082 | 0 | 4 | |a 616.8914 |b LOP |2 21 |
| 100 | |a López-Pedraza, Rafael |e autor |9 331954 | ||
| 245 | 1 | 0 | |a Hermes y sus hijos |
| 300 | |a 237 p | ||
| 942 | |c BK | ||
| 945 | |d 19950110 00:00:00 |a rbrito | ||
| 260 | |a Barcelona |b Anthropos |c 1991 | ||
| 650 | 0 | |a Arquetipo |x Psicología |9 331955 | |
| 650 | 0 | |a Hermenéutica |9 269473 | |
| 650 | 7 | |a PSICOTERAPIA |2 CL-VaPUC |9 331956 | |
| 583 | |a last modification |c 19950110 00:00:00 |k Rodrigo Vera | ||
| 490 | 0 | |a Autores, textos y temas. Hermeneusis, 10 | |
| 999 | |c 231697 |d 231695 | ||
| 952 | |0 0 |1 0 |4 0 |6 616_891400000000000_LOP_1991 |7 0 |8 A |9 235221 |a BIBART |b BIBART |d 2019-11-15 |i 3045234 |o 616.8914 LOP 1991 |p 3045234 |r 2025-03-13 |w 2019-11-15 |y BK |k ART | ||